Normal view
MARC view
Entry Personal Name
001 - CONTROL NUMBER
- control field: 10354
003 - CONTROL NUMBER IDENTIFIER
- control field: HDC
005 - DATE AND TIME OF LATEST TRANSACTION
- control field: 20230624073329.0
008 - FIXED-LENGTH DATA ELEMENTS
- fixed length control field: 210203|| aca||aabn | a|a d
040 ## - CATALOGING SOURCE
- Original cataloging agency: HDC
- Transcribing agency: HDC
100 ## - HEADING--PERSONAL NAME
- Personal name: Glanfield, Emma
670 ## - SOURCE DATA FOUND
- Source citation: Work cat.: (HDC): Glanfield, Emma author, Outrage as college serves up Halal meat without telling students - just because it is cheaper / by, [no year]
